|
|
|
|
| LEADER |
01067nam a22003017a 4500 |
| 001 |
43639 |
| 003 |
BD-DhAAL |
| 005 |
20250815003503.0 |
| 008 |
241031t1996 |||a|||| b||| 001 0 eng d |
| 020 |
|
|
|a 9780821332542
|
| 020 |
|
|
|a 0821332546
|
| 040 |
|
|
|a BD-DhAAL
|d BD-DhAAL
|
| 082 |
|
|
|a 332.152
|2 21
|
| 245 |
|
|
|a The world bank annual report,
|f 1996 /
|
| 260 |
|
|
|a Washington, D.C. :
|b World Bank,
|c 1996.
|
| 300 |
|
|
|a 263 pages :
|b illustrations ;
|c 27 cm.
|
| 504 |
|
|
|a Includes bibliographical references and index.
|
| 541 |
|
|
|a Savar campus library
|e 43639
|
| 610 |
|
|
|a World Bank.
|
| 610 |
|
|
|a International Finance Corporation.
|
| 650 |
|
|
|a International Monetary Fund.
|9 57101
|
| 650 |
|
|
|a International finance.
|
| 650 |
|
|
|a Economic assistance.
|
| 650 |
|
|
|a Banks and banking, International.
|
| 710 |
|
|
|a World Bank
|
| 942 |
|
|
|2 ddc
|c BK
|
| 999 |
|
|
|c 47082
|d 47082
|
| 952 |
|
|
|0 0
|1 0
|2 ddc
|4 0
|6 332_152000000000000_WOR
|7 0
|9 76859
|a SCL
|b SCL
|c GEN
|d 2024-10-31
|e Savar Campus Library
|l 0
|o 332.152 WOR
|p 3020043639
|r 2024-10-31
|t 1
|w 2024-10-31
|y BK
|x Savar Campus Library
|